Central Library OPAC University of Rajshahi

Federal-State fiscal relations in India : (Record no. 43764)

MARC details
000 -LEADER
fixed length control field 00944nam a2200253 a 4500
001 - CONTROL NUMBER
control field 43764
003 - CONTROL NUMBER IDENTIFIER
rucl marc code BD-RjUL
005 - DATE AND TIME OF LATEST TRANSACTION
control field 20211209053742.0
008 - FIXED-LENGTH DATA ELEMENTS--GENERAL INFORMATION
fixed length control field 731001s1966 ii a b 001 0 eng
035 ## - SYSTEM CONTROL NUMBER
System control number (BD-RjUL)43882
040 ## - CATALOGING SOURCE
Original cataloging agency DLC
Transcribing agency DLC
Modifying agency (BD-RjUL
Language of cataloging eng
041 ## - LANGUAGE CODE
Language code of text/sound track or separate title eng
082 00 - DEWEY DECIMAL CLASSIFICATION NUMBER
Classification number 354.54062
Edition number 23
Author mark and year SAF 1966
100 1# - MAIN ENTRY--PERSONAL NAME
Personal name Sastri, K. V. S.
Fuller form of name (Khandrika Venkata Subrahmanya),
Dates associated with a name 1927-
9 (RLIN) 134514
245 10 - TITLE STATEMENT
Title Federal-State fiscal relations in India :
Remainder of title a study of the Finance Commission and the techniques of fiscal adjustment /
Statement of responsibility, etc. [by] K. V. S. Sastri.
260 ## - PUBLICATION, DISTRIBUTION, ETC. (IMPRINT)
Place of publication, distribution, etc. London :
Name of publisher, distributor, etc. Oxford U.P., (Indian Branch)
Date of publication, distribution, etc. c1966
300 ## - PHYSICAL DESCRIPTION
Pagination viii, 143 p. :
Illustrations ill. ;
Size 25 cm.
504 ## - BIBLIOGRAPHY, ETC. NOTE
Bibliography, etc Bibliographical footnotes and index
610 10 - SUBJECT ADDED ENTRY--CORPORATE NAME
Corporate name or jurisdiction name as entry element India.
Subordinate unit Finance Commission.
650 #0 - SUBJECT ADDED ENTRY--TOPICAL TERM
Topical term or geographic name as entry element Intergovernmental fiscal relations
Geographic subdivision India.
9 (RLIN) 134516
Topical term or geographic name as entry element Intergovernmental tax relations
Geographic subdivision India.
9 (RLIN) 134517
942 ## - ADDED ENTRY ELEMENTS (KOHA)
Source of classification or shelving scheme Dewey Decimal Classification
Koha item type Books
Holdings
Lost status Source of classification or shelving scheme Damaged status Not for loan Collection code Permanent Location Current Location Shelving location Date acquired Source of acquisition Cost, normal purchase price Total Checkouts Full call number Date last seen Copy number Koha item type
  Dewey Decimal Classification     Non-fiction Central Library, University of Rajshahi Central Library, University of Rajshahi   14/12/1970 Sweets and Zeithlinger 21.00   354.54062 SAF 1966 27/06/2016 C-2 Books